| 000 | 005510000a22001810004500 | ||
|---|---|---|---|
| 003 | MACL | ||
| 005 | 20160121170648.0 | ||
| 008 | 160121b xxu||||| |||| 00| 0 eng d | ||
| 040 |
_aMACL _cMACL |
||
| 041 | _aHindi | ||
| 082 | _a351.076/SAW | ||
| 100 |
_aSawlashwa Dr.B.K _933957 |
||
| 245 | _aUGC NET/SLET विश्वविधालय अनुदान आयोग | ||
| 260 |
_bकोसमोस बूक _aनई दिल्ली |
||
| 350 | _a275 | ||
| 650 |
_aPublic Administration _933958 |
||
| 942 |
_cHIN _k351.076 /SAW _2ddc |
||
| 999 |
_c30745 _d30745 |
||